| 000 | 00351nam a2200133Ia 4500 | ||
|---|---|---|---|
| 008 | 240624s9999 xx 000 0 und d | ||
| 041 | _aeng | ||
| 082 | _a302.35 LEH | ||
| 100 | _aLEHTIMAKI HANNA | ||
| 245 | _aSTRATEGICALLY NETWORKED ORGANIZATION LEV | ||
| 260 |
_c2017 _aUnited Kingdom _bEmerald |
||
| 300 | _avii, 196 p.; 23 cm. | ||
| 365 |
_cBPS _b38 |
||
| 999 |
_c29159 _d29159 |
||